000 00487nam a2200181Ia 4500
001 2520
005 20260306144813.0
008 260306t2015||||xx |||||||||||||| ||spa||
041 _aESP
082 _a616.8914
_bH28
100 _aHayes, Steven C.
_eAUT
245 0 _aTerapia de aceptación y compromiso:
_bproceso y práctica del cambio consciente (mindfulness)
260 _c2015
300 _a566 páginas :
_c21 cm.
650 _aGEN
654 _aCPS
942 _cLIB
_dJUS
_fJUS
_2ddc
_n
999 _c2520
_d2520